000 00334nam a2200121Ia 4500
005 20251222141757.0
008 251222s9999||||xx |||||||||||||| ||spa||
020 _a84-606-2796-9
082 _a860.4/C17
100 _a"Calzado Olaya, Lorenzo, dir."
245 0 _a"I Certamen juvenil de narrativa corta "alto Guadalquivir""
942 _cLIB
999 _c6030
_d6030